[Event "GER-chT U10"]
[Site "Magdeburg"]
[Date "2013.12.28"]
[Round "5.1"]
[White "Fidlin, Simon"]
[Black "Kittelmann, Anton"]
[Result "0-1"]
[WhiteElo "1151"]
[BlackElo "867"]
[PlyCount "28"]
[EventDate "2013.12.27"]
[EventType "team-swiss"]
[EventRounds "5"]
[EventCountry "GER"]
[SourceTitle "EXT 2015"]
[Source "ChessBase"]
[SourceDate "2014.11.20"]
[SourceVersion "1"]
[SourceVersionDate "2014.11.20"]
[SourceQuality "1"]
[WhiteTeam "Karlsruhe"]
[BlackTeam "Stadtilm Blau Weiss II"]
[WhiteTeamCountry "GER"]
[BlackTeamCountry "GER"]

1. e4 e5 2. Nf3 Nc6 3. Bb5 a6 4. Ba4 Nf6 5. 0-0 Bc5 6. Re1 d6 7. h3 Be6 8. c3 Qd7 9. d4 exd4 10. cxd4 b5 11. Bc2 Bb6 12. d5 Bxh3 13. dxc6 Qg4 14. g3 Qxg3+ 0-1

[Event "GER-chT U10"]
[Site "Magdeburg"]
[Date "2012.12.29"]
[Round "7.4"]
[White "Kittelmann, Anton"]
[Black "Nguyen, Thuy Tien"]
[Result "1-0"]
[WhiteElo "788"]
[BlackElo "754"]
[PlyCount "49"]
[EventDate "2012.12.27"]
[EventType "team-swiss"]
[EventRounds "7"]
[EventCountry "GER"]
[SourceTitle "EXT 2014"]
[Source "ChessBase"]
[SourceDate "2013.11.20"]
[SourceVersion "1"]
[SourceVersionDate "2013.11.20"]
[SourceQuality "1"]
[WhiteTeam "Stadtilm Blau Weiss"]
[BlackTeam "Magdeburg USC"]
[WhiteTeamCountry "GER"]
[BlackTeamCountry "GER"]

1. e4 e5 2. Nf3 Nc6 3. Bc4 Nf6 4. Nc3 Bc5 5. d3 h6 6. Be3 Bxe3 7. fxe3 0-0 8. Qd2 d6 9. 0-0-0 Na5 10. Bb3 Bd7 11. Bc4 Qe8 12. Rdg1 Ba4 13. g4 Qc6 14. Bd5 Qb6 15. Nxa4 Qb5 16. Bb3 Nc6 17. g5 hxg5 18. Nxg5 g6 19. Nf3 Nb4 20. Rxg6+ Kh7 21. Rxf6 Kg7 22. Rf5 f6 23. Rg1+ Kh6 24. Qe1 Qc6 25. Qh4# 1-0